00730nam a22002297a 45000050016000000100014000160200025000300200022000550350013000770370013000900820013001031000025001162450048001412600041001892700048002303000024002787000009003027000009003119420027003209990017003479520136003642010072205365.0 aENG-97084 c85.00a9798188295455 c85.00a8188295450 aEN-80617 bDBAD/PUB a005.2762 aRajam, I. Arul91858 aAn introduction to HTML /cby I. Arul Rajam aTamil NadubNawal Publicationsc2008 bTamil Nadua53, Jaffersha Street, Trichi-8. a104 p.c21 cm (pbk) 91438 91585 2ddccENmRAJh005.2762 c37929d37929 001040718NFICaDBADbDBADd2010-07-27eDBAD/PUBg85.00l0o005.2762 RAJpEN-80617r2010-07-27 00:00:00t1v85.00w2010-07-27yEN